000
00241nam a22001097a 4500
082
_a
294.538 EAR'Z
100
_a
ZABIH, MUAHMMAD ISMAIL
_9
67011
245
_a
EARTH SHASTER
260
_a
KARACHI
_b
TEKSAS
_c
1991
300
_a
325P
942
_c
BK
999
_c
574867
_d
574867